[Event "Chess 2017"]
[Site "Stavanger"]
[Date "2017.06.11"]
[Round "5.5"]
[White "Kramnik, Vladimir"]
[Black "Nakamura, Hikaru"]
[Result "1/2-1/2"]
[WhiteElo "2808"]
[BlackElo "2785"]
[EventDate "2017.??.??"]
[Annotator "Bojkov,Dejan"]
[PlyCount "98"]
[Beauty "5636205058057"]
[EventType "team-tourn"]
[EventCountry "NOR"]
[WhiteClock "0:03:17"]
[BlackClock "0:07:14"]

1.e4 c5 2.Nf3 d6 3.Nc3 Nf6 4.d4 cxd4 5.Qxd4 a6 6.e5 {Kramnik chose "a strange move order."} 6...Nc6 7.Qa4 dxe5 ( {Another possibility was} 7...Ng4 8.Bf4 dxe5 9.Nxe5 Nxe5 10.Bxe5 Bd7 {as in Naiditsch,A (2647)-Lupulescu,C (2562) Kemer 2007} ) 8.Nxe5 Bd7 9.Nxd7 Qxd7 10.Bd2 {This was the position that White was aiming for. It is a bit more pleasant for him thanks to the bishop pair.} 10...g6 ( {The fianchettoe is not mandatory. Black may also chose} 10...e6 11.O-O-O Qd4 12.Be3 Qxa4 13.Nxa4 Nd5 {with chances for equality in Movsesian,S (2666)-Duda,J (2671) Banska Stiavnica 2016} ) 11.O-O-O Bg7 12.Bg5 $146 {An agressive move which offers an endgame.} ( {Previously only} 12.Be3 {was tested-} 12...Qc8 13.h3 ( 13.Be2 $5 ) 13...O-O 14.g4 b5 15.Qb3 Na5 16.Qb4 Nc6 {Blehm,P (2420)-Janssen,R (2345) Calicut 1998} ) 12...Qg4 {Not the most accurate decision.} ( {Kramnik believed that} 12...Qf5 {was more precise, with possible lines:} 13.f4 ( {Or} 13.Qf4 Qa5 14.Bc4 O-O ( {Bad was} 14...h6 15.Bxf6 Bxf6 16.Ne4 {with clear edge for White.} ) 15.h4 {with double-edged position.} ) 13...O-O 14.Bd3 Qg4 {and it is unclear (Kramnik, Nakamura)} ) ( {Kramnik's idea is revealed in the line:} 12...Qc8 13.Bxf6 Bxf6 14.Nd5 {and because of the fork on b6 Black has to go for something like} 14...Ra7 15.Nxf6+ exf6 16.Qa3 {which looks horrible for him.} ) 13.Bxf6 ( 13.Qxg4 $5 {was interesting as well, the point being that the attack against the f2 pawn with} 13...Nxg4 14.Ne4 Bd4 15.Bh4 f5 {can be stopped with} 16.Be2 {when White seems better.} ) 13...Qxa4 14.Nxa4 Bxf6 {The endgame is unpleasant for Black who has to patiently stop his opponent's threats. Still, since Nakamura did not do anything wrong his position remains solid enough to maintain the balance.} 15.c3 {What follows next is very logical. Kramnik is trying to convert his activity into something tangible and piles his rooks on the open file.} ( {On} 15.g3 Bd4 $1 {is strong (Kramnik, Nakamura)} ) 15...e6 ( 15...O-O $6 16.g3 Rad8 17.Rxd8 Rxd8 18.Nc5 {would be the dream position White is aiming for.} ) 16.g3 Rc8 17.Bg2 Be7 ( {Once again} 17...O-O $2 {is wrong due to} 18.Nb6 Rc7 19.Nd7 ) 18.Rd2 h5 $1 {Apparently, Black will not castle but he needs his rook out. Nakamura opens the h-file for it.} 19.Rhd1 ( {On} 19.h4 Rc7 20.Rhd1 g5 {is strong for Black and he will open the file anyway.} ) 19...h4 20.Nb6 Rc7 21.Na8 ( {Kramnik also considered some generally useful move like} 21.a4 {but after} 21...hxg3 22.hxg3 Na5 23.Kc2 Rh2 24.f4 Bc5 25.Na8 Rc8 {"the white knight is miserable" (Nakamura)} ) 21...Rc8 22.Nb6 Rc7 23.f4 hxg3 24.hxg3 Rh5 {The rook is out and ready to deal with the annoying night. White forces matters.} 25.Na8 Rc8 26.Rd7 Rh2 {Change of counter-attacking objects.} ( {The knight is invincible:} 26...Rxa8 $2 27.Rxb7 Rc8 28.Bxc6+ Rxc6 29.Rb8+ {wins for White.} ) 27.Be4 ( {A tricky idea was:} 27.Bf3 {with the strong point} 27...Rf2 $6 ( {White abandoned the line because of the move} 27...Nd8 {but this is not convincing after} 28.Nb6 Rb8 29.Rc7 {with excellent winning chances for White.} ) ( {Kramnik also considered the tricky} 27...Ba3 $6 {which however loses to} 28.Nc7+ Rxc7 29.Rxc7 Rxb2 30.Bxc6+ bxc6 31.Rdd7 {(Kramnik, Nakamura)} ) ( {None of the players mentioned the move} 27...Bc5 {which is probably Black's best bet when after} 28.Nc7+ Kf8 29.Bxc6 bxc6 30.Nxa6 Bf2 {Black seems to have counter-play similar to the game.} ) 28.Bxc6 bxc6 29.Nc7+ Kf8 30.Rh1 Bf6 31.Rh7 Bg7 32.Nxe6+ $1 {which wins a pawn and the game (Kramnik, Nakamura)} ) 27...Re2 28.Bxc6 {Throws away the biggest part of the advantage.} ( {Kramnik dismissed} 28.Bf3 $1 {due to} 28...Re3 {when "the threat against the important g3-pawn is a bit too much." (Kramnik, Nakamura) Had he gone a bit further he would have noticed that in the line} 29.Bxc6 bxc6 30.Nc7+ Kf8 31.Rh1 Bf6 32.Nxa6 Rxg3 ( 32...Ra8 33.Nc7 Rxa2 34.Kb1 Ra4 35.Rh7 Bg7 36.Rd8+ Ke7 37.Re8+ Kd7 38.Rxg7 Kxc7 39.Rxf7+ {with good winning chances for White.} ) 33.Nc5 {his knight would have had the freedom that he needed so badly later.} ) 28...bxc6 29.Nc7+ ( 29.Ra7 Rb8 30.b4 {The simplest seems to be} 30...Rxa2 {with equality.} ( 30...Bf6 31.Rd3 ( 31.Nc7+ Kf8 32.Nxa6 Rc8 {(Kramnik, Nakamura)} ) 31...Rd8 {(Kramnik, Nakamura)} ) ) 29...Kf8 30.Rh1 Bf6 31.Nxa6 {Temporarily White is up a pawn but the black pieces will show muscles.} ( 31.Kd1 {is equal after} 31...Rxb2 ( {Not} 31...Re4 32.Kd2 $1 ) 32.Rh7 ) 31...Ra8 32.Nb4 c5 33.Nd3 Rxa2 34.Kb1 Ra8 35.Nxc5 {The other attempts yield White nothing either:} ( 35.Rh7 Bg7 36.Ne5 Kg8 37.Rxg7+ Kxg7 38.Rxf7+ Kg8 39.Rf6 ( 39.Rb7 g5 40.Nd7 gxf4 41.gxf4 c4 ) 39...Rb8 $1 {(Kramnik, Nakamura)} ) ( 35.Rb7 Kg8 ( {Or even better} 35...c4 36.Ne5 Bxe5 37.fxe5 Kg7 38.Rf1 Rf8 39.Rf4 Rxe5 40.Rxc4 ) 36.Nxc5 Re3 37.g4 {(Kramnik, Nakamura)} ) ( {Finally} 35.Rc7 Rb8 36.Rxc5 Re3 37.Nb4 Rxg3 {cannot be worse for Black who has the stronger minor piece (Kramnik, Nakamura)} ) 35...Rb8 36.Rb7 ( 36.Nb7 Rg2 {is equal too.} ) 36...Rxb7 37.Nxb7 Rg2 38.Rh3 {Ugly, but at least White is playing for two results now only.} ( {Instead} 38.Nc5 Be7 39.Nd7+ ( 39.Nd3 Rxg3 40.Rd1 g5 {would be a draw.} ) 39...Ke8 40.Ne5 Rxg3 41.Rh8+ Bf8 42.c4 f6 43.Nc6 g5 44.fxg5 fxg5 45.b4 {is messy and most likely a draw too, (Kramnik, Nakamura)} ) 38...g5 39.fxg5 Bxg5 {As it often happens in the Sicilian White wins a pawn with energetic play, but it is insufficent for the win as the stronger bishop versus knight compensates for it. Here the active black rook plays an important role as well.} 40.Nc5 Be7 41.Nd3 Bd6 42.Nf4 Rf2 43.Rh4 ( {Or} 43.b4 Rf3 44.Ne2 Rf2 {(Kramnik, Nakamura)} ) 43...Ke7 44.Rg4 Rf1+ ( {Also good for Black and sufficent for equality was} 44...f5 45.Rg7+ Kf6 46.Nh5+ Ke5 47.Rg6 Kd5 {(Kramnik)} ) 45.Kc2 Rf2+ 46.Kb3 Rd2 47.Rg8 Rf2 ( {Nakamura avoids all the complications in the line:} 47...e5 48.Nh5 f5 ( 48...e4 49.Ng7 Kf6 50.Ne8+ Kf5 51.Nxd6+ Rxd6 52.Re8 ( 52.Kc2 ) 52...Rg6 53.Kc4 Rxg3 54.b4 ) 49.Rg7+ Ke6 50.Rg6+ Ke7 51.Rf6 ( 51.g4 f4 52.g5 e4 53.Rf6 f3 54.g6 Rg2 55.Kc4 Be5 ) 51...Rf2 52.g4 {(Kramnik, Nakamura)} ) 48.Rg4 Rd2 49.Rg8 Rf2 1/2-1/2

[Event "Chess 2017"]
[Site "Stavanger"]
[Date "2017.06.12"]
[Round "6.5"]
[White "Caruana, Fabiano"]
[Black "Anand, Viswanathan"]
[Result "0-1"]
[WhiteElo "2808"]
[BlackElo "2786"]
[EventDate "2017.??.??"]
[Annotator "Bojkov,Dejan"]
[PlyCount "94"]
[Beauty "7147496670730"]
[EventType "team-tourn"]
[EventCountry "NOR"]

1.c4 e5 2.Nc3 Bb4 3.Nd5 Bc5 4.Nf3 c6 5.Nc3 d6 {Arelatively rare, but topical line was chosen by Anand.} 6.e3 {Both players had already discussed this line earlier.} ( {Then the other main move was tested} 6.g3 Nf6 7.Bg2 O-O 8.O-O Re8 9.d3 h6 10.Na4 Bb4 11.a3 Ba5 12.b4 Bc7 13.e4 {Caruana,F (2823) -Anand,V (2779) London 2016} ) ( 6.d4 {is also possible.} ) 6...Bb4 ( {An important game for the whole variation was played in January:} 6...Qe7 7.d4 exd4 8.Nxd4 Nf6 9.Be2 O-O 10.O-O d5 11.cxd5 cxd5 12.Nb3 Bb4 13.Nxd5 Nxd5 14.Qxd5 Rd8 15.Qh5 Nc6 {with compensation for the pawn in Nepomniachtchi,I (2767)-Carlsen,M (2840) Wijk aan Zee 2017} ) 7.d4 Nd7 $146 {In-depth home preparation by the former world champion.} ( {Against Nakamura he tried a Nimzo-Indian approach with} 7...Bxc3+ 8.bxc3 e4 9.Nd2 Nf6 10.Ba3 b6 11.f4 c5 {Nakamura,H (2779)-Anand,V (2779) Saint Louis 2016} ) 8.Qc2 Ngf6 9.a3 Bxc3+ 10.Qxc3 O-O 11.Be2 Re8 12.b4 {"I realized this is risky, but I believed I can carry out b4-b5 after Bc1-a3" (Caruana)} ( {Both players considered} 12.b3 {which is "safer structurally" (Anand). Then after} 12...e4 13.Nd2 d5 14.a4 Nf8 15.Ba3 ( {After} 15.h3 {White will keep the bishop alive and} 15...Ng6 16.Ba3 h5 {Anand thought that White would still need to go for b3-b4-b5 in order "to break through."} ) 15...Bg4 {is a key resource for Black.} ) 12...e4 13.Nd2 d5 {Now the position resembles the French defense with reversed colors. The pawn chains clearly point the sides on which both players will attack. Black has easy play on the kingside; White needs to attack on the opposite wing.} 14.a4 {Anand have studied both b2-b3 and b2-b4 plans.} ( {Here the Indian GM intended to meet the normal development} 14.O-O {with} 14...dxc4 15.Nxc4 Nb6 ) 14...dxc4 15.Nxc4 Nb6 16.Na5 Nbd5 17.Qd2 Qc7 18.h3 ( {Anand felt that his pieces are a bit clumsy and was afraid of} 18.b5 {with the idea Bc1-a3. To that, though, Caruana disliked} 18...cxb5 19.axb5 Bg4 {which trades the important light-squared bishop.} ) 18...Re6 $1 {"I realized my knight needs to go to e8." (Anand) The idea is to shift the rook on the kingside for the attack. One of the reasons why Black wants to attack on the kingside is that he can easily transfer his heavy pieces along the sixth rank thanks to the extra space.} 19.Ba3 ( {Both players thought that after} 19.b5 cxb5 20.axb5 Bd7 21.Ba3 b6 {there is a problem with the white knight.} 22.Rc1 Qd8 23.Nc6 {is risky for White after} 23...Qe8 {followed by a7-a6.} ) ( {Maybe} 19.Bb2 a6 20.b5 {is an option but it does not seem bad at all for Black.} ) 19...a6 20.Nb3 {"This is probably a serious mistake." (Caruana)} ( {The American GM suggested instead} 20.Nc4 Ne8 21.Ne5 {with the idea to deprive the rook of an access to the g6-square.} ) 20...Ne8 21.Nc5 ( 21.b5 {might backfire after} 21...axb5 22.axb5 cxb5 23.Bxb5 ( {Or} 23.O-O {when Anand suggested} 23...Rg6 ( 23...Rea6 {instead is better for Black though.} ) 24.Rfc1 Qd8 {but missed the strong blow} 25.Be7 $1 ) 23...Rb6 {(Anand)} ) 21...Rg6 $1 ( {Caruana thought that he is forcing the rook back.} 21...Re7 ) 22.g3 ( {After the game White regretted that he did not try the risky} 22.Nxe4 Rxg2 23.O-O-O Bf5 ( 23...a5 24.bxa5 Rxa5 {(Short) also looks scary for White.} ) 24.Bf3 Rg6 {White's position seems a mess, but at least there is a hope that Black can go wrong too.} ) 22...Nd6 23.a5 {In order to prepare castling queenside. However, once White closes that part of the board, the game becomes very one-sided as Black is clearly superior on the kingside.} 23...Bf5 24.Qc2 ( 24.Kf1 {is castling into it:} 24...Qc8 25.Kg2 Rh6 ) 24...Re8 25.O-O-O Qc8 26.g4 ( 26.h4 Bg4 {would be horrible for the light squares.} ) 26...Bd7 {To the problems on the kingside we should add the weaknesses on a3 and b4. White's position is hopeless strategically.} 27.Kb1 f5 {Opens the game where he is stronger.} 28.gxf5 Rf6 29.Rdg1 Bxf5 30.h4 Ref8 31.Rh2 Kh8 32.Qd2 Rg6 ( {Black was considering direct options like} 32...Nf4 {to which Caruana wanted badly to sacrifice a pawn} 33.d5 {and bring his bishop into life.} ) 33.Rxg6 hxg6 34.h5 {"This makes things easier for me as the pawns gain mobility" (Anand)} ( {On} 34.Rg2 {Anand intended the pretty} 34...Bh3 35.Rxg6 Rxf2 36.Rxd6 Rxe2 $1 {winning.} ) 34...g5 35.h6 g6 36.Bb2 Bg4 37.Bf1 {The only hope as if the bishops are traded the black pieces will start flooding along the light squares.} 37...Kh7 38.Ka1 Bf3 39.Rh3 g4 40.Rg3 Rf5 {With the main idea Rf5-h5-h1. The decisive penetration is inevitable.} 41.Na4 Qf8 ( 41...Rh5 {would do too.} ) 42.Nb6 Qxh6 43.Nxd5 cxd5 44.Qc1 Qh1 45.Qc7+ Rf7 46.Qxd6 Qxf1+ 47.Ka2 Be2 {There is no escape from the checkmate on the light squares.} ( 47...Be2 48.Qc5 Bc4+ 49.Ka3 Qd3+ ) 0-1

[Event "45th GM 2017"]
[Site "?"]
[Date "2017.07.16"]
[Round "2.4"]
[White "Bluebaum, Matthias"]
[Black "Fedoseev, Vladimir"]
[Result "1-0"]
[WhiteElo "2642"]
[BlackElo "2726"]
[EventDate "2017.??.??"]
[Annotator "Bojkov,Dejan"]
[PlyCount "61"]
[Beauty "8249982080052"]
[EventType "schev"]
[EventRounds "3"]
[WhiteClock "0:15:45"]
[BlackClock "0:20:07"]

1.d4 d5 2.c4 c6 3.Nf3 Nf6 4.Nc3 e6 5.e3 Nbd7 6.Qc2 ( {Bluebaum had some difficulties in the Semi-Slav of late (resulwise at least) and this might be the reason to slightly step out of the beaten track.} 6.Bd3 dxc4 7.Bxc4 b5 8.Bd3 Bb7 ( {Fedoseev on his turn has a game in the sharp line after} 8...a6 9.e4 c5 10.e5 cxd4 11.Nxb5 axb5 12.exf6 Bb7 13.O-O Qb6 14.fxg7 Bxg7 {Brodsky,M (2522)-Fedoseev,V (2186) Peterhof 2010} ) 9.O-O a6 10.e4 c5 11.d5 c4 12.Bc2 Qc7 13.dxe6 fxe6 14.Ne2 O-O-O 15.Qe1 {Bluebaum,M (2605) -Sasikiran,K (2637) Moscow 2016} ) 6...Bd6 7.Bd3 O-O 8.O-O dxc4 ( {The straightforward} 8...e5 {is highly explored option as well.} ) 9.Bxc4 e5 {It seems as this move is coming back into fashion.} ( 9...b5 ) ( {and} 9...a6 {are still more topical.} ) 10.h3 {A useful move. Black often threatens e5-e4 followed by Bd6xh2+ and Nf6-g4+ with a mating attack.} 10...Qe7 {Seeemingly the best square for the queen, although it might (and is often) disturbed by a white knight via the h4-f5 (g6) routes.} ( {This is why the mightiest piece often chooses another spot, e.g.} 10...h6 11.a3 Qc7 12.Ba2 Re8 13.e4 exd4 14.Nxd4 Nc5 {Nikolov,M (2557)-Delchev,A (2595) Montana 2017} ) 11.Bb3 Nb6 {A rare and in my opinion dubious decision. Fedoseev gives too many things away--the bishop pair, the center...} ( {Black usually defends with} 11...Bc7 12.Bd2 h6 13.Rad1 Re8 14.Nh4 Nf8 15.Nf5 Bxf5 16.Qxf5 e4 {as in Duda,J (2697)-Adhiban,B (2670) Khanty-Mansiysk 2017} ) ( {The curious} 11...Kh8 {(to move the king away from the bishop pin) was also tried:} 12.Bd2 b6 13.Nh4 g6 {in Banikas,H (2568)-Adly,A (2599) Doha 2016} ) ( {With the queen on e7} 11...h6 12.Nh4 {looks very dangerous for Black.} ) 12.dxe5 Bxe5 13.Nxe5 Qxe5 14.e4 {Keeping the pawns fluid.} ( {The immediate} 14.f4 Qe7 15.f5 {was also possible, although Black was able to build some sort of a blockade after} 15...Bd7 16.e4 c5 17.Qe2 c4 18.Bc2 Rfe8 {Airapetian,G (2436)-Sevian,S (2132) Yerevan 2010} ) 14...Re8 15.Re1 $146 {A good novelty. f2-f4-(f5) followed by e4-e5 is a constant threat, but the rook is not only performing supportive functions.} ( {In the only predecessor White was also better after} 15.f3 Be6 16.Bxe6 Rxe6 17.Qf2 Rd8 18.Be3 {in Ruzele,D (2505)-Bykhovsky,A (2425) Berlin 1995} ) 15...Nbd5 {Black wants to make use of the lose position of the rook.} ( {After} 15...Be6 16.f4 Bxb3 17.axb3 Qc5+ 18.Be3 Qb4 19.Bf2 {White is clearly better.} ) 16.Bd2 Nf4 17.Bxf4 Qxf4 18.Rad1 {Another useful preparatory move. The kingside majority is almost ready to roll.} 18...Nd7 $6 {An inaccuracy. Somewhere Fedoseev missed a detail.} ( {In case of} 18...Be6 {White has the pleasant choice between} 19.Bxe6 ( {Or} 19.e5 Bxb3 20.Qxb3 Rxe5 21.Rxe5 Qxe5 22.Qxb7 ) 19...Rxe6 20.g3 Qh6 ( 20...Qc7 21.f4 ) 21.Kg2 {in both cases with advantage for White.} ) ( {But} 18...Qe5 {might have been best with the idea} 19.Qd2 Nh5 20.Ne2 Be6 ) 19.Re3 $1 {Here it comes! The rook threatens the f7 pawn at once.} 19...Qg5 ( {The pawns are rolling after} 19...Ne5 20.Ne2 Qf6 21.f4 Ng6 22.e5 ) ( {Or} 19...Re7 20.e5 $1 Nf8 21.Re4 Qg5 22.Rd8 {when Black can barely move.} ) 20.f4 {Of course!} ( {It makes no sense to prepare further with} 20.Rg3 {since} 20...Qe7 21.f4 Nc5 {sets a sort of defense for Black.} ) 20...Qe7 ( 20...Qxf4 {loses to} 21.Rf3 ) 21.Qf2 {Bluebaum wants his bishop on the board.} ( 21.e5 Nc5 {was less precise.} ) 21...Nb6 {The last inaccuracy.} ( {Although even after} 21...Nc5 22.Bc2 Rd8 {White has big advantage after either} 23.Rde1 ( {or} 23.Rxd8+ Qxd8 24.b4 Na6 25.Rd3 Qe7 26.Qd2 ) ) 22.f5 {This locks the bishop and threatens f5-f6.} 22...a5 {Fedoseev comes a move short to disturb the bishop.} ( {Black cannot untagle his pieces after} 22...Qe5 23.Red3 c5 24.Rd8 c4 25.Bc2 h6 26.Rxe8+ Qxe8 27.Qg3 ( 27.f6 $5 ) ) 23.e5 $1 {Well calculated.} 23...a4 24.f6 Qb4 ( {One tactical point behind e4-e5 is revealed in the line} 24...gxf6 25.exf6 Qxe3 26.Qxe3 Rxe3 27.Rd8+ ) ( {Whenever the g-file is opened it is always mate:} 24...Qf8 25.fxg7 Kxg7 26.Qf6+ Kg8 27.Rg3+ ) 25.a3 {A cool finish.} ( {There was also the rude} 25.Bxf7+ Kxf7 26.fxg7+ Kg8 ( 26...Kxg7 27.Qf6+ Kg8 28.Rg3+ ) 27.Rf1 Be6 28.Rg3 {with the unstoppable threat Qf2-f8+!} ) 25...Qf8 ( {In case that the queen goes too far away} 25...Qxb3 26.Qg3 g6 27.Qg5 Kh8 28.Qh6 Rg8 29.Rd8 {it will be mate.} ) 26.fxg7 Qe7 27.Ne4 {The rest is easy, White wins loads of material and keeps the attack going.} 27...axb3 28.Nf6+ Kxg7 29.Nxe8+ Kh8 ( 29...Qxe8 30.Qf6+ Kf8 31.Qh6+ Ke7 32.Qd6# ) 30.Nc7 Rb8 31.Rf3 1-0